| 000 | 01145cam a2200349 a 4500 | ||
|---|---|---|---|
| 001 | 2063983 | ||
| 003 | OSt | ||
| 005 | 20140310181945.0 | ||
| 008 | 931221s1992 nyu j 000 1 eng d | ||
| 010 | _a 93245659 | ||
| 020 |
_a0590453688 _c$2.95 ($3.95 Can.) |
||
| 035 | _a(OCoLC)268845920 | ||
| 040 |
_aCoNgSD _cWaU _dDLC |
||
| 042 |
_alccopycat _alcac |
||
| 050 | 0 | 0 |
_aPZ 7 _b.St859 1992 |
| 082 | 0 | 0 |
_aKF _bSt5gs #4 |
| 100 | 1 |
_aStine, R. L. _93762 |
|
| 245 | 1 | 0 |
_aSay cheese and die! / _cR.L. Stine. |
| 260 |
_aNew York : _bScholastic, _cc1992. |
||
| 300 |
_a132 p. ; _c20 cm. |
||
| 490 | 1 |
_aGoosebumps ; _v#4 |
|
| 500 | _a"An Apple paperback." | ||
| 520 | _aStrange things happen when Greg starts using the camera he and his friends found. | ||
| 541 | _j1 | ||
| 562 | _e1 | ||
| 650 | 1 |
_aHorror stories. _93825 |
|
| 710 | 2 |
_aCopyright Paperback Collection (Library of Congress) _5DLC _9705 |
|
| 800 | 1 |
_aStine, R. L. _tGoosebumps ; _v#4. _93826 |
|
| 906 |
_a7 _bcbc _ccopycat _d2 _encip _f19 _gy-gencatlg |
||
| 942 |
_2lcc _cBK-KF _kKF |
||
| 999 |
_c7760 _d7760 |
||